00759 2200265 4500001002100000005001700021008004100038020002200079035002400101082001000125090002000135100002500155245009800180260002700278300002900305440003200334500002500366650001400391700002700405850000900432985000600441999001500447999001600462999001500478YOGYA-0209000007325120090227093718.0 ind  a978-979-29-0181-8 0010-020900000073251 a778.7 a778.7bMuk KlT aMUKTIYONO, Herumanto aKeindahan yang tersembunyi Waduk CengklikcHerumanto Moektijono;editor,Agnes Heni Triiyuliana aYogyakartabAndic2007 a[76] hlmbilusc19x23 cm aSeri Hunting Foto landscape aBibliografi: hlm[76] aFotografi aTriyuliana, Agnes Heni aBPAD a3 a08B0044107 a08B00441008 a08B0044109